Officium in festo et per octavam Pentecostés una cum commemorationibus festorum simplicium, quae infra eam occurrunt.

Detalles Bibliográficos
Formato: Libro
Publicado: Madrid 1804
Materias:
Colección:Banco de datos
Acervo:Biblioteca del Convento de Santa Mónica de la Ciudad de Puebla. Puebla
Tema general:Liturgia
Notas:Regular. Ex libris manuscrito de Fr. Antonio. C5, 31.
LEADER 00679nam a22001810004500
035 |a 50904 
036 |a 672 
245 1 0 |a Officium in festo et per octavam Pentecostés una cum commemorationibus festorum simplicium, quae infra eam occurrunt. 
260 |a Madrid  |b imp. Real Sociedad  |c 1804 
500 |a Regular. Ex libris manuscrito de Fr. Antonio. C5, 31. 
650 1 0 |a Liturgia 
949 |a CRP 
959 |a Ex convento de Santa Mónica. Puebla, Puebla  |b CCC5 
960 |a Convento de Santa Mónica de la ciudad de Puebla  |b DD88 
961 |a Franciscana  |b OF 
942 |c CRP-SM 
943 |g Biblioteca del Convento de Santa Mónica de la Ciudad de Puebla. Puebla 
999 |c 961242  |d 961242